000 00633nam a2200217 a 4500
999 _c928
_d928
001 927
003 BD-JhCC
005 20171011170500.0
008 171011s1986 bg |||| ||a| 000 0 ben d
035 _a(BD-JhCC)927
040 _aBD-JhCC
_dBD-JhCC
041 _aben
082 _a910.4
_bCHU 1986.
100 _aচৌধুরী, বদরুদ্দোজা
245 _aপ্রবাসীর মন /
_cবদরুদ্দোজা চৌধুরী
260 _aঢাকা :
_bমুক্তধারা,
_c1986.
300 _a154 p. :
_c21 cm.
650 _aTravel
_zSingapur
942 _2ddc
_cBK